Celkom (ne)obyčajné veci izolovanej doby 19 príbehov z karantény

Bibliographic Details
Format: Book
Language:Slovak
PhysicalDescription:222 strán portréty 24 cm
Published: Bratislava Lindeni 2021
ISBN:9788056620243
Edition:Prvé slovenské vydanie
Subjects:

MARC

LEADER 00000cam a2200000 4500
001 vtls012014864
003 SK-MaSNL
005 20260301104009.0
008 210217s2021 xo ac gr 000 j slo
015 |a SNBA2022/02 
020 |a 9788056620243  |q (viazané) 
040 |a SNK  |b slo  |c SNK  |e rda 
041 0 |a slo 
044 |a xo  |c SK 
072 7 |a 821.162.4-3  |x Slovenská próza  |2 konspekt 
072 7 |a 614  |x Verejné zdravie a hygiena  |2 konspekt 
080 |a 821.162.4-32  |2 2011 
080 |a (0:82-32)  |2 2011 
080 |a 616.9:578.834  |2 2011 
080 |a 614.46  |2 2011 
080 |a 614  |2 2011 
080 |a 364.624.4  |2 2011 
245 0 0 |a Celkom (ne)obyčajné veci izolovanej doby  |b 19 príbehov z karantény 
246 3 0 |a 19 príbehov z karantény 
246 3 |a Deväťnásť príbehov z karantény 
246 3 0 |a Celkom neobyčajné veci izolovanej doby 
246 3 0 |a Celkom obyčajné veci izolovanej doby 
250 |a Prvé slovenské vydanie 
264 1 |a Bratislava  |b Lindeni  |c 2021 
300 |a 222 strán  |b portréty  |c 24 cm 
336 |a text  |b txt  |2 rdacontent 
337 |a bez média  |b n  |2 rdamedia 
338 |a zväzok  |b nc  |2 rdacarrier 
500 |a Vydalo vydavateľstvo Lindeni v spoločnosti Albatros Media Slovakia, s.r.o. 
650 0 7 |a COVID-19  |2 SNKPH  |9 201532 
650 0 7 |a karanténa  |2 SNKPH  |9 28158 
650 0 7 |a Quarantine  |2 SNKPHeng  |9 423051 
650 0 7 |a ochrana verejného zdravia  |2 SNKPH  |9 102137 
650 0 7 |a Public health protection  |2 SNKPHeng  |9 321267 
650 0 7 |a sociálna izolácia  |2 SNKPH  |9 83436 
650 0 7 |a Social isolation  |2 SNKPHeng  |9 338565 
650 0 7 |a COVID-19 (Disease)  |2 SNKPHeng  |9 311511 
655 7 |a slovenské príbehy  |2 SNKPH  |9 70494 
655 7 |a skutočné príbehy  |2 SNKPH  |9 86728 
655 7 |a Slovak stories  |2 SNKPHeng  |9 277112 
655 7 |a Stories  |2 SNKPHeng  |9 265785 
710 2 |a Albatros Media Slovakia.  |b Lindeni  |4 pbl  |9 193326 
919 |a 978-80-556-2024-3 
958 |a LX 
999 |c 696913  |d 698843 
952 |a SNK  |b SNK  |y PREZ  |7 0  |p 17A1459752  |o snkSC 194466  |i snk2021/14118  |8 0  |0 0  |1 0  |4 0  |d 2021-09-29  |f 1  |l 0  |r 2025-10-14 00:00:00  |w 2026-02-23 
952 |a SNK  |b SNK  |y VYP  |7 0  |p 17A1459753  |o snkSC 194466 D1  |i snk2021/14119  |8 0  |0 0  |1 0  |4 0  |d 2021-09-29  |l 0  |r 2026-02-23 20:45:21  |w 2026-02-23